AI's Top 5 People in Different Categories - Statistics

General Stats
  • This quiz has been taken 31 times
  • The average score is 3 of 20
Answer Stats
Hint Answer % Correct
5. Lionel Messi
75%
4. Usain Bolt
50%
2. Michael Phelps
39%
4. Brad Pitt
32%
3. Serena Williams
25%
1. Muhammad Ali
21%
3. Beyonce
18%
2. George Clooney
14%
1. Julia Roberts
11%
4. Will Smith
11%
5. Jennifer Lopez
7%
1. James Bond
4%
3. Keanu Reeves
4%
5. Malala Yousafzai
4%
4. Bruce Lee
0%
5. Emma Watson
0%
3. Frida Kahlo
0%
2. Morgan Freeman
0%
2. Steve Jobs
0%
1. Tom Hanks
0%
No matching quizzes found
Score Distribution
Percent of People with Each Score
Percentile by Number Answered
Your Score History
You have not taken this quiz